MARC

LEADER 00000nam2a2200000 4500
001 340292
005 20231102005225.0
010 |a 9787040396218 
035 |a (RuTPU)RU\TPU\book\367040 
035 |a RU\TPU\book\367039 
090 |a 340292 
100 |a 20180313d2014 m y0engy50 ba 
101 0 |a eng  |a chi 
102 |a CN 
105 |a a j 000zy 
200 0 |a Vol. 2 
210 |d 2014 
215 |a 689-1170 p.  |c il. 
461 1 |0 (RuTPU)RU\TPU\book\304519  |t Calculus  |f J. Stewart  |v Vol. 2  |e 7th ed.  |d 2014 
606 1 |a Математика  |2 stltpush  |3 (RuTPU)RU\TPU\subj\67327  |9 83171 
610 1 |a китайский язык 
610 1 |a английский язык 
610 1 |a исчисления 
610 1 |a бесконечные последовательности 
610 1 |a ряды 
610 1 |a векторы 
610 1 |a векторные функции 
610 1 |a частные производные 
610 1 |a многократные интегралы 
610 1 |a векторные исчисления 
610 1 |a дифференциальные уравнения 
610 1 |a учебные пособия 
675 |a 51(075.8)  |v 4 
801 1 |a RU  |b 63413507  |c 20180313 
801 2 |a RU  |b 63413507  |c 20180416  |g RCR 
942 |c BK